01454 2200397 4500001002100000005001500021035002000036007000300056008004100059020002200100040002200122082001400144084001600158100004000174245016100214250002600375650002800401850001200429264003600441336002100477337002300498338003800521300003100559538007600590856007600666852002000742500006900762504002900831700002900860700003300889700003300922700002800955700002900983990002201012990002201034INLIS00000000086224920210713113631 a0010-0721000484ta210705s2013 jkia gs ind d a978-979-002-639-1 aYOPDYOGbinderda04223a579.8 a579.8 PER m1 aPeranginangin, Rosmawatyepengarang10aMemproduksi karaginan dari rumput laut /cRosmawaty Peranginangin, Ellya Sinurat, Muhammad Darmawan; penyunting, Dwi Suryaningrum, Tri Murtini, Sony Nugroho aCetakan pertama, 2013 4aProduksi--xRumput laut aYOPDYOG31aJakarta :bNiaga Swadaya,c2013 2rdacontentateks  komputer2rdamedia 2rdacarrierasumber sambung jaring a1 berkas komputer (7,3 MB) aAndroid : versi 4.0 atau di atasnya, memori 1 GB, layar tampilan 4-inch40nPerpustakaan Digital iJogjauhttp://ijogja.id /publications/books/125728 aaplikasi iJogja aUntuk mengakses buku ini silakan unduh aplikasi http://ijogja.id aBibliografi : halaman 700 aEllya Sinuratepengarang0 aMuhammad Darmawanepengarang0 aDwi Suryaningrumepenyunting0 aTri Murtiniepenyunting0 aSony Nugrohoepenyunting a000259-EPD/B.2016 a000260-EPD/B.2016